Statistics for 5 Random Topics on Geography (#1)

Click here to take the quiz!

General Stats

  • This quiz has been taken 913 times
    (892 since last reset)
  • The average score is 34 of 43

Answer Stats

Answer% Correct
Pakistan
98%
Pakistan
98%
Russia
98%
Russia
98%
Canada
95%
Kazakhstan
95%
Kazakhstan
95%
United States
95%
Afghanistan
94%
China
93%
Uzbekistan
93%
Turkmenistan
92%
Philippines
91%
Philippines
91%
Brazil
90%
Kyrgyzstan
89%
Tajikistan
89%
Indonesia
88%
Japan
83%
Australia
79%
Peru
79%
Poland
79%
India
76%
Taiwan
76%
Sri Lanka
75%
Palau
74%
Portugal
72%
Maldives
71%
Panama
71%
Ukraine
70%
Singapore
69%
Turkey
69%
Argentina
66%
East Timor
64%
Brunei
63%
Papua New Guinea
62%
Paraguay
61%
Algeria
59%
Bulgaria
58%
Romania
58%
Georgia
54%
Bahrain
52%
Cyprus
39%

Score Distribution

Percentile by Number Answered

Percent of People with Each Score

Your Score History

You have not taken this quiz since the last reset